000 00280nam a22001097a 4500
008 170111b xxu||||| |||| 00| 0 eng d
020 _a9780323002899
041 _aeng
080 _25TH
_a618.2
245 _aDIAGNOSTIC TESTING AND NURSING IMPLICATIONS
_cPAGANA, K.D
942 _2udc
_cBK
999 _c2719
_d2719